000 00224nmm a2200085Ia 4500
008 220120s9999||||xx |||||||||||||||||und||
100 _aVinci, Da
245 0 _aHDL Programming Fundamentals : VHDL & Verilog
260 _bPonnampet
999 _c138485
_d138485